Simpsons Trivia (ridiculously hard) - Statistics

General Stats
  • This quiz has been taken 10 times
  • The average score is 8 of 22
Answer Stats
Hint Answer % Correct
Which former president moves in across the street from the Simpsons? George Bush
100%
Who did Marge go to the prom with? Artie Ziff
90%
In “Homer’s Barbershop Quartet”, who is the last person to join the quartet? Barney
90%
Who is Bart’s opponent for class president in “Lisa’s Substitute”? Martin
70%
Who runs Bart over with their car? Mr. Burns
70%
What band plays in Moe’s bar in “Flaming Moe’s”? Aerosmith
50%
Bart becomes famous for what phrase? I didn’t do it
50%
Who almost forces Krusty out of business in “Krusty Gets Kancelled”? Gabbo
40%
What did the kids make for export in “Kamp Krusty”? Wallets
40%
While playing Dungeons and Dragons, what was Homer slain by? An Elf
30%
What does Bart join in “Homer vs. Patty and Selma”? Ballet
30%
Homer uses what to save himself in “Deep Space Homer”? Inanimate Carbon Rod
30%
In “Homer at the Bat”, which baseball player is arrested? Steve Sax
30%
In “You Only Move Twice”, Homer joins what company? Globex Corporation
20%
Who is a cheap imitation of Radioactive Man? Radiation Dude
20%
Homer always blames the guy who doesn’t speak English. Who is it? Tibor
20%
Mr. Burns offers a shiny quarter for the one who brings him the head of who? Colonel Montoya
10%
In the same episode, what does the magazine cover say on Homer’s return? In Rod We Trust
10%
The $10,000 bill has a picture of which president passed out on the couch? Jimmy Carter
10%
What is the name of Nelson’s racer in “Saturdays of Thunder”? Roadkill
10%
What hockey team is Lisa on in “Lisa on Ice”? The Gougers
10%
In the same episode, what is the name of Martin’s racer? The Honor Roller
10%
No matching quizzes found
Score Distribution
Percent of People with Each Score
Percentile by Number Answered
Your Score History
You have not taken this quiz